000 00374nam a22001097a 4500
082 _a620
100 _aयूथ कॉम्पिटिशन
_982606
245 _aAll India TG-2 इलेक्ट्रिशियन थ्‍योरी
260 _aप्रयागराज
_bयूथ कॉम्पिटिशन
_c2025
650 _aEng.
942 _cC. BOOKS
999 _c67246
_d67246